000 01182nam a2200277 i 4500
001 170751
003 ES-MaACL
005 20250830050122.0
008 090402s1952 sp |||| | spa d
080 _a234.1
100 0 _aAgustín
_cSanto, Obispo de Hipona.
_9125563
245 1 0 _aObras de San Agustín.
_nT.IX,
_pTratados sobre la gracia (2º): Los dos libros sobre diversas cuestiones a Simpliciano ; De los méritos y del perdón de los pecados ; Contra las dos epístolas de los pelagianos ; Actas del proceso contra Pelagio /
_cprimera versión española, introducción y notas de Victorino Capanaga, Gregorio Erce.
250 _aEd. bilingüe.
260 _aMadrid :
_bEditorial Católica,
_c1952.
300 _aXII, 779 p. ;
_c20 cm.
490 1 _aBiblioteca de autores cristianos ;
_v79
546 _aTexto en latín y traducción en castellano.
650 0 7 _aGracia (Teología)
_2embne
_913150
700 1 _aCapanaga, Victorino.
_934776
700 1 _aErce, Gregorio.
_9139721
830 0 0 _aBiblioteca de autores cristianos
_v79
_9178679
852 _aES-MaACL
_jJ-77
_9R.46092
852 _aES-MaACL
_jE-4198
999 _c170751
_d170751